Score 0/35 Timer 06:00
3 Plays Today
Letter Answer % Correct
ALBUSLove
96.4%
ALBUSSeverus Snape
96.3%
PERCIVALVoldemort
89.6%
BRIANBlue
88.6%
BRIANInvisible
87.7%
BRIANReal
84.8%
WULFRICUmbridge
82.6%
ALBUSAberforth
76.9%
PERCIVALAzkaban
76.3%
WULFRICThe Invisibility Cloak
76.3%
PERCIVALLoyal
75.4%
WULFRICFawkes
74.1%
ALBUSBorn
74.1%
DUMBLEDOREMinerva McGonagall
74%
DUMBLEDOREOrder of the Phoenix
72.9%
DUMBLEDORELupin or Lockhart
70.5%
PERCIVALPercival
69.9%
DUMBLEDOREThe Elder Wand
68.1%
Letter Answer % Correct
WULFRICCornelius
63.8%
PERCIVALRaspberry
63.3%
WULFRICRemember
62.7%
DUMBLEDOREThe Deluminator
62.7%
DUMBLEDOREUnknown
60.8%
PERCIVALInferi
55.6%
BRIANAriana
53.5%
BRIANNicolas Flamel
51.4%
DUMBLEDOREThe Deathly Hallows
50.7%
PERCIVALChoices
46.7%
ALBUSThe Underground
45.7%
WULFRICThe Life and Lies of Albus Dumbledore
43.9%
PERCIVALElphias Doge
37.2%
DUMBLEDOREEarmuffs
35.1%
DUMBLEDOREBlubber
32.5%
WULFRICWorried
30.1%
DUMBLEDORERudeness
20.2%
Remove Ads.
Support Sporcle.
Get the best of Sporcle when you Go Orange. This ad-free experience offers more features, more stats, and more fun while also helping to support Sporcle. Thank you for becoming a member.

You're not logged in!

Compare scores with friends on all Sporcle quizzes.
OR
Log In

Sporcle TV

Today on Sporcle TV


Watch our educational content, quiz creation guides, and fun videos on Sporcle TV.

Show Comments

Extras

Top Quizzes Today


Score Distribution

Paid Content

Your Account Isn't Verified!

In order to create a playlist on Sporcle, you need to verify the email address you used during registration. Go to your Sporcle Settings to finish the process.

Report this User

Report this user for behavior that violates our Community Guidelines.

Details: